Cinc textos /
ISBN:
9788498039788
Descripción Física:
261 pàgines ; 23 cm
Descripción:
El segon volum inclou cinc títols, tot i que entre ells, hi ha una peça que conté cinc petites obres i un díptic: El contraverí (1998), El crit dins d'una capsa de cartró (1981), Un estiu amb les amigues (2007), Dues Medees (1991) i Atracciones Gasparino (2012).
El contraverí és un antídot a l...
Colección:
Repertori teatral català
Otros Autores:
Tola, Albert
,
Gras, Rosa-Victòria, 1933-2025
,
Gras, Rosa-Victòria, 1933-2025
,
Gras, Rosa-Victòria, 1933-2025
,
Gras, Rosa-Victòria, 1933-2025
,
Gras, Rosa-Victòria, 1933-2025
Materias:
Teatre (Gènere literari)
Idioma:
Catalán , Español
MARC
| LEADER | 00000nam a2200000 i 4500 | ||
|---|---|---|---|
| 001 | 28383 | ||
| 003 | AGDB | ||
| 005 | 20260324181521.0 | ||
| 008 | 210625m201811 -spc|||||r|||||0|| d|cat|c | ||
| 020 | |a 9788498039788 | ||
| 035 | |a (ES-BaCBU).b75557204 | ||
| 040 | |a ES-BaIT |b cat |e rda |c ES-BaIT | ||
| 041 | |a cat |a spa | ||
| 080 | |a 849.9-2"19" | ||
| 100 | 1 | |a Gras, Rosa-Victòria, |d 1933-2025 |e autora |9 34929 | |
| 240 | 1 | 0 | |a Teatre. |k Seleccions |
| 245 | 1 | 0 | |a Cinc textos / |c de Rosa Victòria Gras i Perfontan ; edició a cura d'Albert Tola |
| 250 | |a Primera edició: novembre 2018 | ||
| 264 | 1 | |a Barcelona : |b Institut del Teatre ; |c 2018 | |
| 300 | |a 261 pàgines ; |c 23 cm | ||
| 336 | |a text |b txt |2 rdacontent | ||
| 337 | |a sense mediació |b n |2 rdamedia | ||
| 338 | |a volum |b nc |2 rdacarrier | ||
| 490 | |a Repertori teatral català | ||
| 500 | |a Veure també "Quatre textos de Rosa Victòria Gras i Perfontan", vol. 3 (R. 28930). | ||
| 504 | |a Bibliografia pàgines: 17-18. | ||
| 505 | 8 | |a El volum 2 conté: |t El contraverí (1998) ; |t El crit dins d'una capsa de cartró (1981) ; |t Un estiu amb les amigues (2007) ; |t Dues Medees (1991) ; |t Atracciones Gasparino (2012). | |
| 520 | |a El segon volum inclou cinc títols, tot i que entre ells, hi ha una peça que conté cinc petites obres i un díptic: El contraverí (1998), El crit dins d'una capsa de cartró (1981), Un estiu amb les amigues (2007), Dues Medees (1991) i Atracciones Gasparino (2012). El contraverí és un antídot a la infàmia de la història on es recullen cinc moments d'horror en cinc llocs i temps diferents. El crit dins d'una capsa de cartró és un punyent drama polític a partir d'un fet real: la violació i assassinat d'una nena de dos anys i mig a la Setmana Santa de Sevilla. Un estiu amb les amigues narra la degradació subtil d'uns vincles d'amistat a causa de les relacions amoroses al llarg d'un estiu a Mallorca. Al díptic Dues Medees trobem una Medea que es rebel·la contra el seu propi mite des d'un punt de vista feminista. Finalment, Atracciones Gasparino, amb l'aparent lleugeresa del teatre juvenil, a partir de la desaparició d'un conegut parc d'atraccions, narra la progressiva desaparició d'una ciutat en mans dels seus governants: Barcelona. |2 -- Contracoberta | ||
| 650 | 0 | |a Teatre (Gènere literari) |9 72165 | |
| 700 | 1 | |a Tola, Albert, |e editor literari |9 72183 | |
| 700 | 1 | 2 | |a Gras, Rosa-Victòria, |d 1933-2025. |t Contraverí |9 72253 |
| 700 | 1 | 2 | |a Gras, Rosa-Victòria, |d 1933-2025. |t Crit dins d'una capsa de cartró |9 72254 |
| 700 | 1 | 2 | |a Gras, Rosa-Victòria, |d 1933-2025. |t Estiu amb les amigues |9 72255 |
| 700 | 1 | 2 | |a Gras, Rosa-Victòria, |d 1933-2025. |t Dues Medees |9 72256 |
| 700 | 1 | 2 | |a Gras, Rosa-Victòria, |d 1933-2025. |t Atracciones Gasparino |9 72257 |
| 710 | 2 | |a Institut del Teatre (Barcelona, Catalunya), |e entitat editora |9 52662 | |
| 856 | 4 | 1 | |u https://llibreria.diba.cat/cat/llibre/cinc-textos-de-rosa-victoria-gras-i-perfontan-volum-2_69034 |y Accés lliure (Llibreria de la Diputació de Barcelona) |
| 907 | |a .b75557204 |b 27-06-21 |c 25-06-21 |d 25-06-21 |e m |f a |g - |h cat |i spc |j 0 |k 0 | ||
| 908 | |a CDMAE | ||
| 940 | |a CDMAE | ||
| 942 | |2 udc |c ARXIU |n 1 | ||
| 952 | |0 0 |1 0 |4 0 |6 BIB1142 |7 1 |9 96647 |a Arxiu |b Arxiu |d 2024-01-29 |h Volum 2 |l 0 |o Bib-1142 |p 28383 |r 2024-01-29 00:00:00 |w 2024-01-29 |y ARXIU | ||
| 999 | |c 128493 |d 128493 | ||